| 000 | 00639nam a2200205 i 4500 | ||
|---|---|---|---|
| 001 | bg | ||
| 100 | 1 | _aKICZUK, Tadeusz | |
| 245 | 0 | 0 |
_aKatalog maszyn i urządzeń dla przetwórstwa rolno-spożywczego / _cTadeusz Kiczuk ; [Fundusz Współpracy]. |
| 260 |
_aWarszawa : _bFW, _c1998. |
||
| 300 |
_a188 s. ; _c24 cm. |
||
| 500 | _aKatalog wydany w ramach programu "Agrolinia 2000". | ||
| 650 | 9 |
_aPrzemysł rolno-spożywczy _xnarzędzia i maszyny |
|
| 655 | _aKatalogi | ||
| 710 | 0 | _aFundusz Współpracy | |
| 040 | _cBPK | ||
| 041 | 0 | _apl | |
| 080 | _a631.36:664](085.2) | ||
| 942 | _cKA | ||
| 008 | s pl f |000 0 pol | ||
| 999 |
_c35000 _d35000 |
||
| 856 |
_uhttp://koha.tu.koszalin.pl/cgi-bin/koha/opac-detail.pl?biblionumber=35000 _yKatalog online BPK |
||